00558 2200217 4500001002100000008004100021035002000062245006100082100002000143250002300163260003400186300002000220020002200240084001400262082000800276650002000284990000900304990000900313990000900322990000900331INLIS000000000000749 ind  a0010-0425000749 aKumpulan Cerita PendekbBerkah MenabungcLita Juliantini aLita Juliantini aCetakan Kesembilan aDepok :bCV. Arya Duta,c2021 a62 hlm.c21 cm. a978-979-094-398-8 a813 LIT k a813 aLita Juliantini a2110 a2111 a2112 a2113